000 01230cam a2200277 a 4500
999 _c29990
_d29990
001 12280335
005 20181129183319.0
008 010117s2001 enka b 001 0 eng
010 _a 2001018930
020 _a0240515994 (alk. paper)
040 _aDLC
_cDLC
_dDLC
043 _ae-uk---
050 0 0 _aP96.M34
_bM36 2001
082 0 0 _a302.23/068
_221
245 0 0 _aManaging in the media /
_cPeter Block, editor ... [et al.].
260 _aOxford, UK ;
_aBoston :
_bFocal Press,
_c2001.
300 _axxiii, 388 p. :
_bill. ;
_c24 cm.
504 _aIncludes bibliographical references (p. 363-372) and index.
650 0 _aMass media
_xManagement.
650 0 _aMass media
_zGreat Britain
_xManagement.
700 1 _aBlock, Peter.
856 4 2 _3Publisher description
_uhttp://www.loc.gov/catdir/description/els031/2001018930.html
856 4 1 _3Table of contents
_uhttp://www.loc.gov/catdir/toc/els031/2001018930.html
906 _a7
_bcbc
_corignew
_d1
_eocip
_f20
_gy-gencatlg
942 _2lcc
_cBOOKS
_hP96.M34M36 2001